| 000 | 01427cam a22004214i 4500 | ||
|---|---|---|---|
| 003 | PE-LiUPU | ||
| 005 | 20250731173106.0 | ||
| 008 | 150623s r 000 0 d | ||
| 035 | _a(Sirsi) a25037 | ||
| 040 |
_aPE-LiUPU _bspa _cPE-LiUPU _erda |
||
| 082 | 0 | 4 |
_a266.673 _bN51 _221 |
| 245 | 0 | 0 |
_aNotable adventist women of today / _ceditado por Selma Chaij Mastrapa. |
| 264 | 1 |
_aUSA : _bAndrews University Press, _c1995. |
|
| 300 |
_a296 páginas : _bilustraciones, fotos, gráficos ; _c cm. |
||
| 336 |
_atext _2rdacontent |
||
| 337 |
_aunmediated _2rdamedia |
||
| 338 |
_avolume _2rdacarrier |
||
| 504 | _aIncluye bibliografía. | ||
| 505 | 0 | _aRelación de mujeres adventistas notables. | |
| 526 | _aSEG42 | ||
| 526 | _aSEG41 | ||
| 526 | _aSEG40 | ||
| 526 | _aSEG39 | ||
| 526 | _aP94 | ||
| 526 | _aP87 | ||
| 526 | _aP86 | ||
| 526 | _aP85 | ||
| 526 | _aP77 | ||
| 526 | _aP76 | ||
| 526 | _aP35 | ||
| 650 | 0 | 4 |
_aMujeres adventistas _xReferencias biográficas. |
| 700 | 1 |
_aChaij Mastrapa, Selma, _eed. |
|
| 942 |
_2ddc _cBOOK |
||
| 949 |
_a266.673 N51 _wDEWEY _c1 _i49450 _lCCODEBUL1 _mBUL _p00.00 _r0 _sY _tBOOK _u2015-06-24 _xTEOLOGIA _PP35 _0COMPRA _o.STAFF. Colección General |
||
| 596 | _a1 | ||
| 999 |
_a266.673 N51 _wDEWEY _c29871 _i49450 _f2021-11-10 _g5 _lCCODEBUL1 _mBUL _r0 _sY _tBOOK _u2015-6-24 _xTEOLOGIA _PP35 _0COMPRA _o.STAFF. Colección General _d29871 |
||
| 980 |
_81 _gALBERTO SANCHEZ Responsable de Automatización |
||